000 00289nam a22001337a 4500
008 181022b xxu||||| |||| 00| 0 eng d
020 _a9781559638241
041 _aeng
080 _a573
100 _a9
101 _aMJE
245 _aEcosystem Management
_cMeffe, G.K
942 _2udc
_cBK
999 _c50458
_d50458